|
|
|
|
| LEADER |
01622nam a2200445 4500 |
| 001 |
ocn919764296 |
| 003 |
OCoLC |
| 005 |
20180501122027.0 |
| 006 |
m o d |
| 007 |
cr cnu---unuuu |
| 008 |
150903s2015 mau ob 001 0 eng d |
| 040 |
|
|
|a OPELS
|b eng
|e rda
|e pn
|c OPELS
|d N$T
|d IDEBK
|d YDXCP
|d CDX
|d OCLCF
|d OCLCQ
|d DEBBG
|d GrThAP
|
| 019 |
|
|
|a 920656565
|
| 020 |
|
|
|a 9780128033388
|q electronic bk.
|
| 020 |
|
|
|a 012803338X
|q electronic bk.
|
| 020 |
|
|
|a 9780128033050
|
| 020 |
|
|
|a 0128033053
|
| 035 |
|
|
|a (OCoLC)919764296
|z (OCoLC)920656565
|
| 050 |
|
4 |
|a QH91
|
| 072 |
|
7 |
|a NAT
|x 037000
|2 bisacsh
|
| 072 |
|
7 |
|a SCI
|x 047000
|2 bisacsh
|
| 082 |
0 |
4 |
|a 578.77
|2 23
|
| 049 |
|
|
|a TEFA
|
| 245 |
0 |
0 |
|a Advances in marine biology.
|n Volume 71 /
|c edited by Barbara E. Curry.
|
| 250 |
|
|
|a First edition.
|
| 264 |
|
1 |
|a Waltham, MA :
|b Academic Press, an imprint of Elsevier,
|c 2015.
|
| 300 |
|
|
|a 1 online resource
|
| 336 |
|
|
|a text
|b txt
|2 rdacontent
|
| 337 |
|
|
|a computer
|b c
|2 rdamedia
|
| 338 |
|
|
|a online resource
|b cr
|2 rdacarrier
|
| 504 |
|
|
|a Includes bibliographical references and indexes.
|
| 588 |
0 |
|
|a Title details screen (ScienceDirect, viewed September 3, 2015).
|
| 650 |
|
0 |
|a Marine biology.
|
| 650 |
|
7 |
|a NATURE / Animals / Wildlife
|2 bisacsh
|
| 650 |
|
7 |
|a SCIENCE / Microscopes & Microscopy
|2 bisacsh
|
| 650 |
|
7 |
|a Marine biology.
|2 fast
|0 (OCoLC)fst01009447
|
| 655 |
|
4 |
|a Electronic books.
|
| 700 |
1 |
|
|a Curry, Barbara E.,
|e editor.
|
| 776 |
0 |
8 |
|c Original
|z 9780128033050
|z 0128033053
|w (OCoLC)907204551
|
| 856 |
4 |
0 |
|u https://www.sciencedirect.com/science/bookseries/00652881/71
|z Full Text via HEAL-Link
|